Mariano Marcos State University

University Library System

ATLA : (Record no. 29099)

MARC details
000 -LEADER
fixed length control field 01877nam a22002657a 4500
005 - DATE AND TIME OF LATEST TRANSACTION
control field 20260507133626.0
008 - FIXED-LENGTH DATA ELEMENTS--GENERAL INFORMATION
fixed length control field 260507b |||||||| |||| 00| 0 eng d
022 ## - INTERNATIONAL STANDARD SERIAL NUMBER
International Standard Serial Number 0261-1929
040 ## - CATALOGING SOURCE
Original cataloging agency MMSU
Transcribing agency ULS
210 ## - ABBREVIATED TITLE
Abbreviated title ATLA
222 ## - KEY TITLE
Key title Alternatives to Laboratory Animals
245 ## - TITLE STATEMENT
Title ATLA :
Remainder of title Alternatives to Laboratory Animals
260 ## - PUBLICATION, DISTRIBUTION, ETC.
Place of publication, distribution, etc. London:
Name of publisher, distributor, etc. Sage Publications,
Date of publication, distribution, etc. 2025-
300 ## - PHYSICAL DESCRIPTION
Extent volumes ;
Dimensions 28 cm.
310 ## - CURRENT PUBLICATION FREQUENCY
Current publication frequency Six times a year.
362 ## - DATES OF PUBLICATION AND/OR SEQUENTIAL DESIGNATION
Dates of publication and/or sequential designation Volume 53, Number 1 (January 2025- )
500 ## - GENERAL NOTE
General note ATLA is a peer-reviewed journal, intended to cover all aspects of the development, validation, implementation and use of alternatives to laboratory animals in biomedical research and toxicity testing. In addition to the replacement of animals, it also covers work that aims to reduce the number of animals used and refine the in vivo
505 ## - FORMATTED CONTENTS NOTE
Title The Use of an In Chemico Digestibility Assay to Reduce the In Vivo Fish Bioaccumulation Testing of Nanomaterials (pp. 11–20) /
Statement of responsibility Craig McHardy, Nathaniel J. Clark, and Richard D. Handy
505 ## - FORMATTED CONTENTS NOTE
Title Chemicals 2.0 and Why We Need to Bypass the Gold Standard in Regulatory Toxicology (pp. 21–25)/
Statement of responsibility Andrew P. Worth, Elisabet Berggren, and Pilar Prieto
505 ## - FORMATTED CONTENTS NOTE
Title The Use of MPS in Three Rs and Regulatory Applications: Perspectives From Developers on Stakeholder Responsibilities (pp. 26–41) /
Statement of responsibility Megan R. LaFollette, Szczepan W. Baran, and Clive S. Roper
505 ## - FORMATTED CONTENTS NOTE
Title Report of the First ONTOX Hackathon: Hack to Save Lives and Avoid Animal Suffering. The Use of Artificial Intelligence in Toxicology — A Potential Driver for Reducing/Replacing Laboratory Animals in the Future (pp. 42–61) /
Statement of responsibility Michael G. Diemar, Cyrille A.M. Krul, and Erwin L. Roggen
650 ## - SUBJECT ADDED ENTRY--TOPICAL TERM
Topical term or geographic name entry element Biomedical research
Form subdivision Periodicals
650 ## - SUBJECT ADDED ENTRY--TOPICAL TERM
Topical term or geographic name entry element Animals as alternatives in laboratoies
Form subdivision Periodicals
942 ## - ADDED ENTRY ELEMENTS (KOHA)
Source of classification or shelving scheme
Koha item type SERIALS/JOURNALS
Holdings
Withdrawn status Lost status Source of classification or shelving scheme Damaged status Not for loan Home library Current library Shelving location Date acquired Serial Enumeration / chronology Total Checkouts Barcode Date last seen Price effective from Koha item type Public note
          MMSU Main Library MMSU Main Library Serials (Foreign) 05/07/2026 Volume 53, Number 1 (January 2025-)   SERIALS-162 05/07/2026 05/07/2026 SERIALS/JOURNALS ROOM USE ONLY

© 2023 Mariano Marcos State University. All Rights Reserved.

Powered by Koha